000 00637nam a2200205Ii 4500
003 JO-AjNU
008 230605s9999||||xx |||||||||||||| ||und||
040 _aJO-AjNU
_bara
_erda
_cJO-AjNU
041 _aara
050 1 4 _aPJ7828.K5.H34 1975
100 3 _aالحكيم، توفيق,
_eauthor
_949050
245 0 0 _aوثائق في طريق الوعي
250 _aط1
264 3 1 _aالقاهرة: بيروت: دار الشروق، 1975
300 _a139ص
336 _atext
_btxt
_2rdacontent
337 _aunmediated
_bn
_2rdamedia
338 _avolume
_bnc
_2rdacarrier
650 4 _aالادب العربي - مقالات
_949051
999 _aA21520
_c25088
_d25088